Biblioteca

War and peace (Registro nro. 55646)

Detalles MARC
000 -LÍDER
Campo fijo de descripción fija 01181aab a2200241 i 4500
001 - NÚMERO DE CONTROL
Campo de control 768714001
003 - IDENTIFICADOR DEL NÚMERO DE CONTROL
Campo de control CO-MdFUSB
005 - FECHA Y HORA DE LA ULTIMA TRANSACCIÓN
control field 20240715121041.0
008 - ELEMENTOS DE LONGITUD FIJA -- INFORMACIÓN GENERAL
Campo fijo de descripción fija -- Información general 240715b2003 sz ||||| |||| 00| 0 eng d
040 ## - FUENTE DE CATALOGACIÓN
Idioma de catalogación spa
Agencia que realiza la transcripción CO-MdFUSB
041 ## - CÓDIGO DE IDIOMA
Código de idioma para texto/pista de sonido o título separado eng
100 1# - ASIENTO PRINCIPAL--NOMBRE PERSONAL
Nombre personal Marter, Jerry L. Van
Término relacionador autor
245 ## - TÍTULO
Título War and peace
Mención de responsabilidad / Jerry L. Van Marter
520 ## - NOTA DE RESUMEN, ETC.
Nota de sumario, etc. Los relatos de personas que intentan comunicarse con otros a pesar de la brutalidad del entorno indican la presencia y el amor de Cristo. Para lograr la paz, los cristianos deben enfrentar los problemas y la dinámica del mundo que conducen a un ciclo interminable de guerra y violencia. La fe cristiana se centra en mostrar compasión por aquellos que han sido afectados por la conflictos, el odio y los atropellos.
546 ## - NOTA DE IDIOMA
Nota de idioma Texto en inglés.
650 #7 - ASIENTO SECUNDARIO DE MATERIA - TERMINO TEMÁTICO
Término temático o nombre geográfico como elemento de entrada Dios
Subdivisión general Amor
9 (RLIN) 256
650 #7 - ASIENTO SECUNDARIO DE MATERIA - TERMINO TEMÁTICO
Término temático o nombre geográfico como elemento de entrada Paz
Subdivisión general Aspectos religiosos
-- Cristianismo
9 (RLIN) 2054
650 #7 - ASIENTO SECUNDARIO DE MATERIA - TERMINO TEMÁTICO
Término temático o nombre geográfico como elemento de entrada Amor
Subdivisión general Aspectos religiosos
Subdivisión de forma Cristianismo
9 (RLIN) 255
650 #7 - ASIENTO SECUNDARIO DE MATERIA - TERMINO TEMÁTICO
Término temático o nombre geográfico como elemento de entrada Derechos humanos
9 (RLIN) 296
773 0# - ASIENTO DE ITEM FUENTE
Título Reformed World
Biblionumber 49396
Itemnumber 59510
Parte(s) relacionada(s) / Volumen., número. (mes año), páginas Volumen 53, (número 2 & 3, 2003) páginas: 92 - 96
Enumeración y primera página página: 92
942 ## - TIPO DE MATERIAL (KOHA)
Tipo de Item KOHA Artículos de Revista
945 ## - INFORMACIÓN LOCAL DEL REGISTRO
Catalogador Catherine Arias Álvarez - Practicante SENA

No hay ítems disponibles.

Biblioteca FUSBC | Teléfono: (57+4) 349 88 10 Ext. 141| WhatsApp (+57) 3005338115 
E-mail: biblioteca@unisbc.edu.co | Calle 76 87-14 Robledo Palenque, Medellín, Colombia

Con tecnología Koha